NBA One Team Players Quiz - Statistics

General Stats
  • This quiz has been taken 19 times
  • The average score is 13 of 15
Answer Stats
Hint Answer % Correct
Mavericks Dirk Nowitzki
100%
Lakers Kobe Bryant
100%
Warriors Stephen Curry
100%
Bucks Giannis Antetokounmpo
94%
Nuggets Nikola Jokic
94%
Spurs Tim Duncan
94%
Pacers Reggie Miller
89%
Jazz John Stockton
83%
Celtics Larry Bird
83%
Celtics Bill Russell
78%
Warriors Draymond Green
78%
Suns Devin Booker
72%
Lakers Jerry West
67%
Lakers Magic Johnson
67%
Heat Udonis Haslem
50%
No matching quizzes found
Score Distribution
Percent of People with Each Score
Percentile by Number Answered
Your Score History
You have not taken this quiz